| 000 | 01538naa a22003857a 4500 | ||
|---|---|---|---|
| 001 | BR8501325 | ||
| 003 | BR-BrBNA | ||
| 005 | 20240918175542.0 | ||
| 007 | ta | ||
| 008 | 230509b bl.||||| |||| 00| 0 por d | ||
| 040 |
_aBR-BrBNA _bpor _cBiblioteca Nacional de Agricultura |
||
| 041 | _a(Pt) | ||
| 072 |
_aF30 _b0150 _bG514 |
||
| 090 | _aF30 BR8501325 | ||
| 100 | 1 | _aMarchezan, E. | |
| 100 | 1 | _aSilva, M.I. da | |
| 100 | 1 | _aSilva, M.S. e | |
| 100 | 1 | _aRocha, P.M. da | |
| 111 | 1 |
_a13. Reuniao da Cultura do Arroz Irrigado _cCamboriu, SC (Brazil) _d26-28 Sep 1984 |
|
| 245 | 1 | _aEnsaio regional de cultivares de arroz irrigado em Santa Maria, Rio Grande do Sul [Oryza sativa, comportamento de variedade, rendimento, Brasil] | |
| 246 | 1 | _a[Regional trial of irrigated rice cultivars in Santa Maria, Rio Grande do Sul [Oryza sativa, behaviour of variety, yield, Brazil]] | |
| 246 | 1 | _a[Proceedings of the 13. Meeting on Irrigated Rice Cultivation] | |
| 260 | 3 |
_aFlorianopolis, SC (Brasil): _c1984. |
|
| 500 | _aAnais da 13. Reuniao da Cultura do Arroz Irrigado Florianopolis, SC (Brasil): 1984. p. 90-94 (BR8501325-AM)F30 | ||
| 650 | _aARROZ IRRIGADO | ||
| 650 | _aVARIEDADE | ||
| 650 | _aLINHAGEM | ||
| 650 | _aCOMPORTAMENTO DE VARIEDADE | ||
| 650 | _aRENDIMENTO | ||
| 650 | _aSANTA MARIA | ||
| 650 | _aRIO GRANDE DO SUL | ||
| 773 | 0 |
_tAnais da 13. Reuniao da Cultura do Arroz Irrigado _wF30 BR8501325 _gFlorianopolis, SC (Brasil), 1984. p. 90-94 |
|
| 909 |
_a202404 _bLucia _c55 _dLucia Elande |
||
| 942 |
_cAM _2AGRIS |
||
| 999 |
_c317226 _d317226 |
||